000 00634nam a2200169 a 4500
001 000020748
005 20200930011145.0
008 090709s2014 dr 000 0 spa d
040 _aDO-SdBNP
_bspa
_cBNPHU
082 _axxxxxxxx
_bxxxxxxxx
100 1 _aPacheco, Franklin
_943503
245 1 3 _aMarcados para ver su gloria /
_cFranklin Pacheco ; prólogo Elvis de Jesús De León.
260 _aSanto Domingo :
_b[s.e.],
_c2014.
300 _a154 p. ;
_c22 cm.
500 _aUna de las mayores manifestaciones de poder en la vida de un hombre es la que trae el diseño de su marca
700 1 _aDe Jesús De León, Elvis,
_epról.
_943504
999 _c20252
_d20252